000 00328nam a2200121Ia 4500
008 240731s9999 xx 000 0 und d
022 _a1940-9141
245 0 _aInternational Journal of Psychoanalytic Self Psychology
260 _bRoutledge
856 _uhttps://www.tandfonline.com/loi/hpsp20
942 _2ddc
942 _cTFEJ
999 _c77205
_d77205
945 _a1
_bMadushi Gamage
_c1
_dMadushi Gamage